[Event "Sherbrooke op-C"]
[Site "Sherbrooke"]
[Date "2004.05.30"]
[Round "4"]
[White "Boissonneault, Benoit"]
[Black "Belfer, Leon"]
[Result "1-0"]
[WhiteElo "1414"]
[BlackElo "1390"]
[PlyCount "109"]
[EventDate "2004.05.??"]
[EventType "swiss"]
[EventRounds "5"]
[EventCountry "CAN"]
[SourceTitle "EXT 2006"]
[Source "ChessBase"]
[SourceDate "2005.11.24"]
[SourceVersion "1"]
[SourceVersionDate "2005.11.24"]
[SourceQuality "1"]

1. d4 d5 2. Nf3 Nf6 3. Bg5 e6 4. e3 Be7 5. c4 0-0 6. Nbd2 Nbd7 7. Rc1 b6 8. Be2 Bb7 9. 0-0 c5 10. Qb3 Bc6 11. Rfd1 dxc4 12. Bxc4 b5 13. Be2 c4 14. Qc2 Rc8 15. Ne5 Nd5 16. Bxe7 Qxe7 17. Nxc6 Rxc6 18. b3 c3 19. Bxb5 cxd2 20. Qxc6 dxc1Q 21. Rxc1 N7b6 22. e4 Nf6 23. Qc7 Qxc7 24. Rxc7 Rc8 25. Rxc8+ Nxc8 26. f3 Kf8 27. Kf2 Ke7 28. Ke3 Nd6 29. Ba6 Nfe8 30. a3 Nc7 31. Be2 Ndb5 32. a4 Nd6 33. Kd2 Kd7 34. Kc3 f5 35. Bd3 g6 36. g3 Nde8 37. h4 Nf6 38. Kb4 fxe4 39. Bxe4 Nxe4 40. fxe4 Kd6 41. Kc4 e5 42. d5 Ne8 43. b4 Nf6 44. Kd3 h6 45. Ke3 Nd7 46. Kd3 Nb6 47. a5 Nd7 48. Kd2 Nf6 49. Kd3 Nh5 50. g4 Nf6 51. g5 hxg5 52. hxg5 Nh7 53. b5 Kc5 54. b6 axb6 55. a6 1-0

[Event "Sherbrooke op-C"]
[Site "Sherbrooke"]
[Date "2004.05.30"]
[Round "5"]
[White "Rozybakiyev, Ilchin"]
[Black "Boissonneault, Benoit"]
[Result "1-0"]
[WhiteElo "1384"]
[BlackElo "1414"]
[PlyCount "41"]
[EventDate "2004.05.??"]
[EventType "swiss"]
[EventRounds "5"]
[EventCountry "CAN"]
[SourceTitle "EXT 2006"]
[Source "ChessBase"]
[SourceDate "2005.11.24"]
[SourceVersion "1"]
[SourceVersionDate "2005.11.24"]
[SourceQuality "1"]

1. e4 e5 2. Nf3 Nc6 3. d4 exd4 4. Nxd4 d6 5. Nc3 Nf6 6. Be2 Be7 7. Be3 0-0 8. 0-0 Ne8 9. f4 Nxd4 10. Bxd4 f5 11. Bc4+ Kh8 12. e5 c6 13. exd6 Qxd6 14. Be5 Qc5+ 15. Qd4 Qxd4+ 16. Bxd4 Bd7 17. Rae1 Bf6 18. Bc5 Bxc3 19. bxc3 Rf6 20. Re7 Bc8 21. Rxe8+ 1-0

[Event "Sherbrooke op-C"]
[Site "Sherbrooke"]
[Date "2004.05.29"]
[Round "2"]
[White "Boissonneault, Benoit"]
[Black "Plante, Marc Eric"]
[Result "1-0"]
[WhiteElo "1414"]
[BlackElo "1269"]
[PlyCount "49"]
[EventDate "2004.05.??"]
[EventType "swiss"]
[EventRounds "5"]
[EventCountry "CAN"]
[SourceTitle "EXT 2006"]
[Source "ChessBase"]
[SourceDate "2005.11.24"]
[SourceVersion "1"]
[SourceVersionDate "2005.11.24"]
[SourceQuality "1"]

1. d4 Nf6 2. c4 e6 3. Nf3 b6 4. Nc3 Bb7 5. Bf4 Bb4 6. e3 Ne4 7. Qc2 0-0 8. Bd3 Bxc3+ 9. bxc3 f5 10. h4 h6 11. Nd2 Nxd2 12. Qxd2 Bxg2 13. Rg1 Qxh4 14. Rxg2 d6 15. 0-0-0 Nd7 16. Rdg1 Qf6 17. Rg6 Qe7 18. Bxh6 Rf7 19. e4 fxe4 20. Bxe4 d5 21. cxd5 Raf8 22. dxe6 Qa3+ 23. Kb1 Rxf2 24. Rxg7+ Kh8 25. Rh7# 1-0